000 00365 a2200133 4500
005 20250625140558.0
020 _a0-19-568359-5
082 _a658.3AGA
100 _aAGARWALA, T.
245 _aStrategic Human Resource Management,
260 _aNew York,
_bOxford University Press,
_c2007.
300 _axiii, 801, : ill.; figure, table
_bIndex
_c24cm
942 _2ddc
_cBKS
999 _c5095
_d5095